| 000 | 00919cab a2200265 4500 | ||
|---|---|---|---|
| 001 | ABS60600 | ||
| 008 | 090401t1999 xxu||||| |||| 00| 0 eng d | ||
| 035 | _a(Sirsi) u93516 | ||
| 041 | _aeng | ||
| 100 | _aCook, A. | ||
| 245 | _aHow do you measure up? | ||
| 260 | _c1999 | ||
| 350 | _a0 | ||
| 490 |
_aBuilding _v264(8087) 14 May 1999, 24-27(4) |
||
| 520 | _aThe government-backed Movement for Innovation, which has responsibility with implementing the Egan report Rethinking Construction, has published details of how firms can measure their performance against the rest of the industry. Graphs with detail of each indicator. | ||
| 650 | _aBENCHMARKING | ||
| 650 | _aCONSTRUCTION COMPANIES | ||
| 650 | _aCONSTRUCTION INDUSTRY | ||
| 650 | _aLEAGUE TABLES | ||
| 650 | _aMOVEMENT FOR INNOVATION | ||
| 650 | _aPERFORMANCE INDICATORS | ||
| 690 | _aBUILT ENVIRONMENT | ||
| 942 | _n0 | ||
| 948 | _c21/05/1999 | ||
| 999 |
_c59262 _d59262 |
||